Sistemas de distribución

Guardat en:
Dades bibliogràfiques
Autor principal: Magee, John F. (autor)
Format: Llibre
Idioma:espanyol
Publicat: Buenos Aires Ateneo 1969
Matèries:
Etiquetes: Afegir etiqueta
Sense etiquetes, Sigues el primer a etiquetar aquest registre!

MARC

LEADER 00000nam a2200000 a 4500
001 UCQ2225
003 CL-VaPUC
008 980724e19690000AG |||||||||||||||||spa|d
082 0 4 |a 658.84  |b MAG  |2 21 
100 |a Magee, John F.  |e autor  |9 416189 
245 1 0 |a Sistemas de distribución 
300 |a 212 p 
942 |c BK 
945 |d 19980724 00:00:00  |a lriquelm 
260 |a Buenos Aires  |b Ateneo  |c 1969 
650 0 |a Comercio  |9 255341 
650 7 |a PRODUCTOS  |2 CL-VaPUC  |9 338640 
650 0 |a Stocks  |9 361023 
650 7 |a INTERMEDIARIOS  |2 CL-VaPUC  |9 416190 
650 7 |a MERCADEO  |2 CL-VaPUC  |9 261154 
583 |a last modification  |c 19980724 00:00:00  |k Rodrigo Vera 
999 |c 273063  |d 273061 
952 |0 0  |1 0  |4 0  |6 658_840000000000000_MAG_1969  |7 0  |8 A  |9 308341  |a BIBGIM  |b BIBGIM  |d 2019-11-20  |i 1443925  |o 658.84 MAG 1969  |p 1443925  |r 2025-01-15  |w 2019-11-20  |y BK  |k COM